| 000 | 00430nam a2200157Ia 4500 | ||
|---|---|---|---|
| 008 | 151213s9999 xx 000 0 und d | ||
| 100 | _aS.C.Mundra & S.C.Agarwal | ||
| 245 |
_aPrinciples and History of Literary Criticism _cS.C.Mundra & S.C.Agarwal |
||
| 250 | _a5Th | ||
| 260 |
_aIndia _bPrakash Book _c1976 |
||
| 300 | _a4470 p. | ||
| 650 | _aCritics | ||
| 650 | _aEnglish | ||
| 700 | _aS.C.Mundra & S.C.Agarwal | ||
| 999 |
_c2845 _d2845 |
||